Normale Ansicht
MARC-Ansicht
Eintrag Personenname
001 - Kontrollnummer
- Kontrollfeld: 2270
003 - Kontrollnummer Identifier
- Kontrollfeld: RU-10907106
005 - Datum und Zeit der letzten Transaktion
- Kontrollfeld: 20220208121244.0
008 - Datenelemente mit fester Länge
- Kontrollfeld mit fester Länge: 220208|| aca||aabn | a|a d
040 ## - Katalogisierungsquelle
- Original-Katalogisierungsstelle: RU-10907106
- Übertragungsstelle: RU-10907106
100 ## - Ansetzung - Personenname
- Personenname: Pringsheim-Dohm, Hedwig
- Datumsangaben in Verbindung mit einem Namen: 1855-1942
670 ## - Datenquelle
- Quellenangabe: Work cat.: (RU-10907106)59062: Pringsheim-Dohm, Hedwig 1855-1942 Verfasser (DE-588)118814117 aut, Tagebücher Band 9 1935-1941